000 00743nam a22002177a 4500
008 090128t xxu||||| |||| 00| 0 eng d
010 _aENG-92661
020 _a8188492310
_c80.00
035 _aEN-76194
037 _bDBAD / PUB
040 _adpl
_bEnglish
082 _a884
100 _aGoswami, Tilakraj
245 _aI saw Shakespeare and Romeo /
_cby Tilakraj Goswami
260 _aAgra
_bArvind Prakashan
_c2007
270 _a15/131, Soron Katra, Shahganj
_bAgra
_e10
300 _a71p.
_c22cm (Hb)
650 _aEnglish language
_xRhetoric
942 _2ddc
_cEN
_mGOS
_h884
999 _c22524
_d22524